New product development : a reader /

Success and failure in new product development. The strategic dimension of new product development. New product development models. The early stages of the new product development process. Later stages of the NPD process. The development of new services. Organizational interfaces in new product deve...

Mô tả đầy đủ

Đã lưu trong:
Chi tiết về thư mục
Tác giả khác: Hart, Susan (Biên tập viên)
Định dạng: Sách
Ngôn ngữ:English
Được phát hành: London : The Dryden Press, 1996.
Những chủ đề:
Các nhãn: Thêm thẻ
Không có thẻ, Là người đầu tiên thẻ bản ghi này!
Thư viện lưu trữ: Mạng thư viện Đại học Đà Nẵng
LEADER 01193cam a2200349 i 4500
001 000047448
003 7124
005 20030311103406.0
008 010321|1996 vm 000 eng
020 |a 0030990092 
040 |a IRC  |c IRC  |d IRC 
041 0 |a eng 
082 1 4 |a 658.575  |b Ne-P 
245 0 0 |a New product development :  |b a reader /  |c Edited by Susan Hart. 
260 |a London :  |b The Dryden Press,  |c 1996. 
300 |a xiv, 508 p. :  |b ill. ;  |c 24.5cm. 
520 3 |a Success and failure in new product development. The strategic dimension of new product development. New product development models. The early stages of the new product development process. Later stages of the NPD process. The development of new services. Organizational interfaces in new product development. 
630 0 4 |a Management. 
630 0 4 |a Production. 
650 0 4 |a Product management. 
650 0 4 |a New products  |x Management. 
700 1 |a Hart, Susan,  |e editor. 
OWN |a DUT 
999 |a From the UDN01 
TYP |a Monograph 
TYP |a Printed language 
980 |a Mạng thư viện Đại học Đà Nẵng